|
|
|
|
| LEADER |
00000naa a2200000uu 4500 |
| 001 |
vtls011094842 |
| 003 |
SK-MaSNL |
| 005 |
20260302110739.0 |
| 008 |
210910|2002 xo |||||||||||||||||slo| |
| 015 |
|
|
|a SNBRA
|
| 035 |
|
|
|a (urnnbn)urn:nbn:sk:snk:ar-a0ctg2
|
| 035 |
|
|
|a (uuid)b036a7f2-396f-430b-9d0a-281c597507c8
|
| 035 |
|
|
|a urn:nbn:sk:snk-aavz30
|
| 040 |
|
|
|a SNKBUCL
|b slo
|c SNKBUCL
|e AACR2
|
| 041 |
0 |
|
|a slo
|
| 044 |
|
|
|a xo
|c SK
|
| 100 |
1 |
|
|a Cambel, V.
|4 aut
|9 787214
|
| 245 |
1 |
0 |
|a MIKROSKOPICKÁ MAGNETOMETRIA
|c V. Cambel, D. Gregušová, J. Fedor, P. Eliáš, R. Kúdela, S. Hasenöhrl
|
| 700 |
1 |
|
|a Fedor, J.
|4 aut
|9 377095
|
| 700 |
1 |
|
|a Eliáš, P.
|4 aut
|9 6904
|
| 700 |
1 |
|
|a Kúdela, R.
|4 aut
|9 787215
|
| 700 |
1 |
|
|a Hasenöhrl, S.
|4 aut
|9 787216
|
| 700 |
1 |
|
|a Gregušová, Dagmar,
|d 1958-
|4 aut
|9 113175
|
| 773 |
0 |
|
|t 12. konferencia slovenských fyzikov : kongresové centrum SAV v Smoleniciach, 3.-5.9. 2001 : zborník príspevkov
|d Košice] : Slovenská fyzikálna spoločnosť, 2002
|g S. 68-69
|z 8096865552
|
| 958 |
|
|
|a OND
|
| 958 |
|
|
|a article12
|
| 958 |
|
|
|a chapter
|
| 999 |
|
|
|c 1244768
|d 1246698
|